Music Quiz

Random Music or Clip Quiz

Songs of the Day (Clips) Quiz Stats

Quiz not verified by Sporcle

Challenge
Share
Tweet
Score 0/50 Timer 20:00
0 Plays Today
Time Song % Correct
0:00Psycho Killer
76%
2:46What a Wonderful World
73.2%
4:06Every Breath You Take
72.4%
7:14Losing My Religion
71.7%
6:25Don't Speak
68.5%
5:43Torn
65.4%
6:54Shout
65.4%
2:37London Calling
63.4%
3:32Jump
63%
1:59Come as You Are
61%
3:22'Heroes'
51.6%
2:08Blue Monday
50.4%
6:09Bullet with Butterfly Wings
49.2%
0:35Helter Skelter
48%
1:41Nights in White Satin
46.1%
1:21Just Like Heaven
40.2%
4:34New Year's Day
39.4%
5:52About a Girl (Unplugged)
36.6%
3:13Teardrop
31.5%
5:16Paranoid Android
30.7%
4:24Porcelain
26%
5:25The Great Gig in the Sky
25.6%
1:11The Chemicals Between Us
24%
0:09Sour Girl
22%
2:56Insomnia
20.5%
Time Song % Correct
3:51Smalltown Boy
19.3%
5:07Sugar
18.9%
4:50Once
18.5%
6:17Invisible Sun
16.9%
6:00High Hopes
11%
0:26Stuck with Me
9.8%
3:05Make Me Bad
9.8%
0:54Mayor of Simpleton
9.4%
4:42Out of Space
9.4%
3:58Unglued
8.7%
4:58F.E.A.R.
8.3%
2:27Faster
7.9%
0:18A Question of Time
7.5%
2:17Everest
5.9%
4:14Love Like Blood
5.9%
6:35Last Night on Earth
5.5%
6:44In Your Room
5.5%
0:45Long Stretch of Love
5.1%
1:50Drive that Fast
3.9%
5:35Pushing the Senses
3.9%
7:224st 7lb
3.9%
3:41Journal for Plague Lovers
3.5%
1:03Mama Say
3.1%
1:31Dark Therapy
2.8%
7:04It All Dies Anyway
2%

You're not logged in!

Compare scores with friends on all Sporcle quizzes.
Sign Up with Email
OR
Log In

You Might Also Like...

Show Comments

Extras

Top Quizzes Today


Score Distribution

Your Account Isn't Verified!

In order to create a playlist on Sporcle, you need to verify the email address you used during registration. Go to your Sporcle Settings to finish the process.